000 01099nas a2200373 4500
001 BR2012007322
003 BR-BrBNA
005 20231205121307.0
007 ta
008 230509b bl.|||p| |||| 00| 00por d
040 _aBR-BrBNA
_bpor
_cBiblioteca Nacional de Agricultura
041 _a(Pt)
072 _aL01; L02
100 1 _aNowicki, R.
100 1 _aButzge, E.
100 1 _aOtutumi, L.K.
100 1 _aPiau Junior, R.
100 1 _aAlberton, L.R.
100 1 _aMerlini, L.S.
100 1 _aMendes, T.C.
100 1 _aDalberto, J.L.
100 1 _aGerônimo, E.
100 1 _aCaetano, I.C. da S.
245 1 _aDesempenho de frangos de corte criados em aviários convencionais e escuros
650 _aFRANGO DE CORTE
650 _aAVIÁRIO
650 _aABATE
650 _aLINHAGEM
650 _aGANHO DE PESO
650 _aCONVERSÃO ALIMENTAR
773 0 _tArquivos de Ciências Veterinárias e Zoologia da UNIPAR (Brazil)
_xISSN 1415-8167
_g(Jan-Jun 2012), v. 14(1) p. 25-28
_wBR2012007322
909 _a202311
_bLúcia
_c55
_dLúcia Elande
942 _2AGRIS
_n0
_cANA
999 _c222792
_d222792